00696nam a22001697a 450000500170000000800410001705000280005810000350008624000230012124501200014425000120026426000320027630000270030850501040033565000530043970000340049220221006135740.0170428b1969 mx ||||| |||| 00| 0 spa d04aKGF2704.31861bT78 19741 aTrueba Urbina, Alberto,eautor00aLeyes y códigos.10aNueva legislación de amparo b: doctrina, texto y jurisprudencia c/ Alberto Trueba Urbina, Jorge Trueba Barrera. a24a ed. aMéxico :bPorrúa,c1974 axvi, 427 p. ; c17 cm. aContenido :tCódigo Federal de Procedimientos Civiles, Ley Orgánica del Poder Judicial Federal. 72lembaRecurso de amparoxLegislaciónzMéxico1 aTrueba Barrera, Jorge,eautor